000 00314 a2200109 4500
082 _a515 SWO
100 _aSwokowski,E. W... [et. al.]
245 _aCalculus
_cE. W. Swokowski, M. Olinick, D. Pence, J. A. Cole
250 _a6th. ed.
260 _aNew York
_bPWS Publisher
_c1992
300 _axxiv, 1279+p. :
_bill. ;
_c25 cm.
650 _acalculus
999 _c200
_d200